Ley 27799 de inocencia fiscal (Registro nro. 20741)

Detalles MARC
000 -LEADER
fixed length control field 00379 a2200133 4500
001 - CONTROL NUMBER
control field ART_63893
005 - DATE AND TIME OF LATEST TRANSACTION
control field 20260410161803.0
008 - FIXED-LENGTH DATA ELEMENTS--GENERAL INFORMATION
fixed length control field 260409a
100 1# - MAIN ENTRY--PERSONAL NAME
Personal name Senese, Camila M.
245 10 - TITLE STATEMENT
Title Ley 27799 de inocencia fiscal
700 1# - ADDED ENTRY--PERSONAL NAME
Personal name Rosenzvit, Eial
700 1# - ADDED ENTRY--PERSONAL NAME
Personal name Semachowicz, Esteban D.
773 0# - HOST ITEM ENTRY
Title Doctrina tributaria
Related parts - Nº 551 (feb. 2026)
Record control number REV4296

No hay ítems disponibles.